[Event "64th DEN-ch"]
[Site "Naestved DEN"]
[Date "1985.04.04"]
[Round "7"]
[White "Reinert, Mads"]
[Black "Rasmussen, Karsten"]
[WhiteElo "2260"]
[BlackElo "2295"]
[Result "1/2-1/2"]
[EventDate "1985.03.29"]
[SourceTitle "MCD"]
[PlyCount "25"]
[EventCategory "4"]
[Source "ChessBase"]
[SourceDate "1999.07.01"]
[SourceVersion "1"]
[SourceVersionDate "1999.07.01"]
[SourceQuality "1"]

1. e4 c5 2. Nf3 Nc6 3. d4 cxd4 4. Nxd4 Nf6 5. Nc3 d6 6. Bg5 e6 7. Qd2 Be7 8.
O-O-O O-O 9. Nb3 a5 10. a4 d5 11. exd5 Nxd5 12. Bxe7 Ncxe7 13. Nb5 1/2-1/2

[Event "64th DEN-ch"]
[Site "Naestved DEN"]
[Date "1985.04.05"]
[Round "8"]
[White "Brinck-Claussen, Bjoern"]
[Black "Pedersen, Erik"]
[WhiteElo "2380"]
[BlackElo "2395"]
[Result "1-0"]
[EventDate "1985.03.29"]
[SourceTitle "MCD"]
[PlyCount "49"]
[EventCategory "4"]
[Source "ChessBase"]
[SourceDate "1999.07.01"]
[SourceVersion "1"]
[SourceVersionDate "1999.07.01"]
[SourceQuality "1"]

1. d4 Nf6 2. c4 e6 3. Nc3 c5 4. d5 exd5 5. cxd5 d6 6. e4 g6 7. f4 Bg7 8. Bb5+
Nfd7 9. Be2 a6 10. a4 Qh4+ 11. g3 Qd8 12. Nf3 O-O 13. O-O Re8 14. Nd2 Nf6 15.
Bf3 Nbd7 16. Qb3 Rb8 17. Nc4 b5 18. axb5 axb5 19. Nxd6 b4 20. Na4 Ba6 21. Nxe8
Nxe8 22. Re1 c4 23. Qd1 Bb5 24. e5 Bxa4 25. Qxa4 1-0

[Event "64th DEN-ch"]
[Site "Naestved DEN"]
[Date "1985.04.05"]
[Round "8"]
[White "Oest-Hansen, Jacob"]
[Black "Kristiansen, Jens"]
[WhiteElo "2430"]
[BlackElo "2455"]
[Result "1/2-1/2"]
[EventDate "1985.03.29"]
[SourceTitle "MCD"]
[PlyCount "57"]
[EventCategory "4"]
[Source "ChessBase"]
[SourceDate "1999.07.01"]
[SourceVersion "1"]
[SourceVersionDate "1999.07.01"]
[SourceQuality "1"]

1. g3 e5 2. c4 d6 3. Bg2 f5 4. Nc3 Nf6 5. d3 g6 6. Bg5 c6 7. e3 Bg7 8. Nge2 Na6
9. Rb1 Nc5 10. d4 Ne6 11. Bxf6 Qxf6 12. d5 cxd5 13. Nxd5 Qd8 14. O-O O-O 15.
Qd2 e4 16. Rbd1 Be5 17. f4 exf3 18. Bxf3 Ng5 19. Bg2 Be6 20. b3 Bf7 21. Nec3
Kh8 22. Kh1 Bxd5 23. Nxd5 Qd7 24. Nf4 Qe7 25. Qd5 Rab8 26. Qa5 b6 27. Qd2 Rbe8
28. Nd5 Qg7 29. Kg1 1/2-1/2

[Event "64th DEN-ch"]
[Site "Naestved DEN"]
[Date "1985.04.05"]
[Round "8"]
[White "Hartung Nielsen, Jens"]
[Black "Reinert, Mads"]
[WhiteElo "2245"]
[BlackElo "2260"]
[Result "1/2-1/2"]
[EventDate "1985.03.29"]
[SourceTitle "MCD"]
[PlyCount "24"]
[EventCategory "4"]
[Source "ChessBase"]
[SourceDate "1999.07.01"]
[SourceVersion "1"]
[SourceVersionDate "1999.07.01"]
[SourceQuality "1"]

1. d4 Nf6 2. Nf3 c5 3. c3 e6 4. g3 b6 5. Bg2 Bb7 6. O-O Be7 7. Bg5 O-O 8. Nbd2
cxd4 9. cxd4 d5 10. Ne5 Nc6 11. Nxc6 Bxc6 12. Nf3 Bb5 1/2-1/2

[Event "64th DEN-ch"]
[Site "Naestved DEN"]
[Date "1985.04.05"]
[Round "8"]
[White "Hoei, Carsten"]
[Black "Hansen, Curt"]
[WhiteElo "2380"]
[BlackElo "2505"]
[Result "1/2-1/2"]
[EventDate "1985.03.29"]
[SourceTitle "EXT 2018"]
[PlyCount "26"]
[EventCategory "4"]
[Source "ChessBase"]
[SourceDate "2017.10.13"]
[SourceVersion "1"]
[SourceVersionDate "2017.10.13"]
[SourceQuality "1"]

1. d4 Nf6 2. Nc3 d5 3. Bg5 c5 4. Bxf6 gxf6 5. e4 dxe4 6. dxc5 Qa5 7. Qh5 f5 8.
Bb5+ Nc6 9. a3 Bg7 10. Nge2 O-O 11. O-O Nd4 12. b4 Qc7 13. Nd5 Qd8 1/2-1/2

[Event "64th DEN-ch"]
[Site "Naestved DEN"]
[Date "1985.04.05"]
[Round "8"]
[White "Rasmussen, Karsten"]
[Black "Jakobsen, Ole"]
[WhiteElo "2295"]
[BlackElo "2400"]
[Result "1-0"]
[EventDate "1985.03.29"]
[SourceTitle "MCD"]
[PlyCount "73"]
[EventCategory "4"]
[Source "ChessBase"]
[SourceDate "1999.07.01"]
[SourceVersion "1"]
[SourceVersionDate "1999.07.01"]
[SourceQuality "1"]

1. e4 c5 2. Nf3 e6 3. d4 cxd4 4. Nxd4 d6 5. c4 Nf6 6. Nc3 b6 7. Bd3 Bb7 8. O-O
Nbd7 9. Qe2 g6 10. Bg5 h6 11. Bh4 g5 12. Bg3 Ne5 13. Rad1 Qc7 14. Bc2 Be7 15.
Ndb5 Qc5 16. Kh1 Rg8 17. f4 gxf4 18. Bxf4 Rg6 19. b3 a6 20. Na4 Qc6 21. Nd4 Qc7
22. Nf3 Nfd7 23. Be3 b5 24. Nxe5 dxe5 25. Rxd7 Qxd7 26. Nb6 Qc6 27. Nxa8 Bxa8
28. cxb5 axb5 29. Bd3 Kf8 30. Qh5 Bf6 31. Bxh6+ Ke7 32. Be3 Qc3 33. Qe2 Qa5 34.
Bc5+ Kd8 35. b4 Qa3 36. Bxb5 Qc3 37. Qd1+ 1-0

[Event "64th DEN-ch"]
[Site "Naestved DEN"]
[Date "1985.04.06"]
[Round "9"]
[White "Fries-Nielsen, Jens Ove"]
[Black "Hoei, Carsten"]
[WhiteElo "2390"]
[BlackElo "2380"]
[Result "1/2-1/2"]
[EventDate "1985.03.29"]
[SourceTitle "MCD"]
[PlyCount "53"]
[EventCategory "4"]
[Source "ChessBase"]
[SourceDate "1999.07.01"]
[SourceVersion "1"]
[SourceVersionDate "1999.07.01"]
[SourceQuality "1"]

1. c4 Nf6 2. d4 g6 3. Nc3 Bg7 4. e4 d6 5. Nf3 O-O 6. Be2 c5 7. d5 b5 8. cxb5 a6
9. a4 axb5 10. Bxb5 Ba6 11. Bd2 Nbd7 12. O-O Ng4 13. Bxa6 Rxa6 14. Qe2 Ra8 15.
b3 Nge5 16. Nxe5 Nxe5 17. Nb5 Qb6 18. Bc3 Rfc8 19. f4 c4+ 20. Kh1 Nd7 21. Bxg7
Kxg7 22. bxc4 Qc5 23. Qb2+ Kg8 24. Nd4 Qxc4 25. Nc6 Re8 26. Rfc1 Qd3 27. Qc3
1/2-1/2

[Event "64th DEN-ch"]
[Site "Naestved DEN"]
[Date "1985.04.06"]
[Round "9"]
[White "Hansen, Curt"]
[Black "Brinck-Claussen, Bjoern"]
[WhiteElo "2505"]
[BlackElo "2380"]
[Result "1-0"]
[EventDate "1985.03.29"]
[SourceTitle "MCD"]
[PlyCount "67"]
[EventCategory "4"]
[Source "ChessBase"]
[SourceDate "1999.07.01"]
[SourceVersion "1"]
[SourceVersionDate "1999.07.01"]
[SourceQuality "1"]

1. Nf3 Nf6 2. c4 b6 3. d4 e6 4. g3 Bb4+ 5. Nbd2 Bb7 6. Bg2 O-O 7. O-O a5 8. Qc2
Na6 9. e4 Bxd2 10. Nxd2 d6 11. Re1 e5 12. d5 c6 13. dxc6 Bxc6 14. Nb1 Nd7 15.
Be3 Ndc5 16. Nc3 Nb4 17. Qe2 Qc7 18. Red1 Rad8 19. Rab1 Nba6 20. Rd2 Ne6 21. b3
Nac5 22. a3 a4 23. bxa4 Ra8 24. Rb4 Ra6 25. Qd1 Nb7 26. Nd5 Bxd5 27. cxd5 Nec5
28. Bf1 Ra7 29. Rdb2 Rfa8 30. Qc2 Nd8 31. Rxb6 Rxa4 32. Bxc5 Qxc5 33. Qxc5 dxc5
34. Bb5 1-0

[Event "64th DEN-ch"]
[Site "Naestved DEN"]
[Date "1985.04.06"]
[Round "9"]
[White "Jakobsen, Ole"]
[Black "Hartung Nielsen, Jens"]
[WhiteElo "2400"]
[BlackElo "2245"]
[Result "1/2-1/2"]
[EventDate "1985.03.29"]
[SourceTitle "MCD"]
[PlyCount "84"]
[EventCategory "4"]
[Source "ChessBase"]
[SourceDate "1999.07.01"]
[SourceVersion "1"]
[SourceVersionDate "1999.07.01"]
[SourceQuality "1"]

1. c4 e6 2. g3 d5 3. Bg2 c5 4. Nf3 Nc6 5. O-O Nf6 6. b3 Be7 7. Bb2 d4 8. a3 a5
9. d3 O-O 10. Nbd2 e5 11. Qc2 Re8 12. e4 Nh5 13. Kh1 Bd6 14. Qd1 g6 15. Ng1 Qc7
16. Ne2 f6 17. a4 Nb4 18. Nb1 f5 19. Na3 f4 20. Nb5 Qe7 21. Nxd6 Qxd6 22. Ba3
Nc6 23. Ng1 Rf8 24. Bh3 b6 25. Bxc8 Raxc8 26. g4 Ng7 27. f3 Kf7 28. Ra2 Qe7 29.
Qe1 h5 30. h3 Rh8 31. Rh2 Rh7 32. Rff2 Rch8 33. Rfg2 Ne6 34. Qf2 Qf6 35. Ne2
Ne7 36. Ng1 g5 37. Bc1 Ng6 38. Qe2 Rh6 39. Bd2 Nh4 40. Rf2 R8h7 41. Be1 Qh8 42.
Qd2 Nd8 1/2-1/2

[Event "64th DEN-ch"]
[Site "Naestved DEN"]
[Date "1985.04.06"]
[Round "9"]
[White "Kristiansen, Jens"]
[Black "Rasmussen, Karsten"]
[WhiteElo "2455"]
[BlackElo "2295"]
[Result "0-1"]
[EventDate "1985.03.29"]
[SourceTitle "MCD"]
[PlyCount "82"]
[EventCategory "4"]
[Source "ChessBase"]
[SourceDate "1999.07.01"]
[SourceVersion "1"]
[SourceVersionDate "1999.07.01"]
[SourceQuality "1"]

1. e4 c6 2. d3 d5 3. Nd2 e5 4. Ngf3 Bd6 5. g3 Nf6 6. Bg2 O-O 7. O-O Re8 8. c3
Nbd7 9. Qc2 a5 10. b3 Qc7 11. Bb2 b6 12. Rad1 Ba6 13. c4 dxe4 14. dxe4 Rad8 15.
Nh4 Bc8 16. Ndf3 Nc5 17. Rfe1 Nfd7 18. Nf5 Bf8 19. Qc1 f6 20. h4 Nxe4 21. Nxg7
Bxg7 22. Rxe4 Nc5 23. Rxd8 Rxd8 24. Re2 Nd3 25. Qe3 Nxb2 26. Rxb2 Be6 27. Re2
b5 28. Nd2 f5 29. Qc5 bxc4 30. Nxc4 Bxc4 31. Qxc4+ Qf7 32. Qxc6 e4 33. Bf1 Kh8
34. Rc2 Bd4 35. Kg2 Qg7 36. Qe6 e3 37. Qxf5 exf2 38. Bc4 Rf8 39. Qd5 Be5 40.
Qd3 f1=Q+ 41. Qxf1 Qxg3+ 0-1

[Event "64th DEN-ch"]
[Site "Naestved DEN"]
[Date "1985.04.06"]
[Round "9"]
[White "Pedersen, Erik"]
[Black "Oest-Hansen, Jacob"]
[WhiteElo "2395"]
[BlackElo "2430"]
[Result "1/2-1/2"]
[EventDate "1985.03.29"]
[SourceTitle "MCD"]
[PlyCount "58"]
[EventCategory "4"]
[Source "ChessBase"]
[SourceDate "1999.07.01"]
[SourceVersion "1"]
[SourceVersionDate "1999.07.01"]
[SourceQuality "1"]

1. d4 Nf6 2. Nf3 g6 3. c4 Bg7 4. Nc3 d6 5. h3 O-O 6. Bf4 c5 7. e3 Qb6 8. Rb1
Re8 9. d5 e5 10. dxe6 Bxe6 11. Be2 Nc6 12. O-O Rad8 13. Nd5 Bxd5 14. cxd5 Ne7
15. Bc4 Qb4 16. Qd3 a6 17. a3 Qa4 18. Bb3 Qa5 19. e4 b5 20. Bc2 Qc7 21. Qd2 Nc8
22. Bg5 Nb6 23. Qf4 Qe7 24. Rfe1 Nbd7 25. Qh4 Qf8 26. Nh2 h6 27. Bd2 Ne5 28.
Rbd1 Nh5 29. Ng4 Nc4 1/2-1/2

[Event "64th DEN-ch"]
[Site "Naestved DEN"]
[Date "1985.04.07"]
[Round "10"]
[White "Fries-Nielsen, Jens Ove"]
[Black "Reinert, Mads"]
[WhiteElo "2390"]
[BlackElo "2260"]
[Result "1/2-1/2"]
[EventDate "1985.03.29"]
[SourceTitle "MCD"]
[PlyCount "42"]
[EventCategory "4"]
[Source "ChessBase"]
[SourceDate "1999.07.01"]
[SourceVersion "1"]
[SourceVersionDate "1999.07.01"]
[SourceQuality "1"]

1. Nf3 Nf6 2. b3 d5 3. Bb2 c5 4. e3 Nc6 5. Bb5 e6 6. O-O Bd6 7. d4 cxd4 8. exd4
Bd7 9. Nbd2 a6 10. Bd3 b5 11. a3 Qb8 12. Re1 b4 13. a4 Qb6 14. Nf1 O-O-O 15. a5
Qa7 16. Ne5 Be8 17. c4 Nxd4 18. cxd5 Bc5 19. Rc1 Kb8 20. dxe6 Nxe6 21. Qf3 Qb7
1/2-1/2

[Event "64th DEN-ch"]
[Site "Naestved DEN"]
[Date "1985.04.07"]
[Round "10"]
[White "Hoei, Carsten"]
[Black "Brinck-Claussen, Bjoern"]
[WhiteElo "2380"]
[BlackElo "2380"]
[Result "1/2-1/2"]
[EventDate "1985.03.29"]
[SourceTitle "MCD"]
[PlyCount "31"]
[EventCategory "4"]
[Source "ChessBase"]
[SourceDate "1999.07.01"]
[SourceVersion "1"]
[SourceVersionDate "1999.07.01"]
[SourceQuality "1"]

1. d4 Nf6 2. Nc3 d5 3. Bg5 c5 4. Bxf6 gxf6 5. e4 dxe4 6. dxc5 Qa5 7. Qh5 Bg7 8.
Bb5+ Nc6 9. Nge2 O-O 10. a3 f5 11. O-O a6 12. b4 Qc7 13. Nd5 Qe5 14. Bc4 Be6
15. Rad1 Rad8 16. Nb6 1/2-1/2

[Event "64th DEN-ch"]
[Site "Naestved DEN"]
[Date "1985.04.07"]
[Round "10"]
[White "Rasmussen, Karsten"]
[Black "Pedersen, Erik"]
[WhiteElo "2295"]
[BlackElo "2395"]
[Result "1-0"]
[EventDate "1985.03.29"]
[SourceTitle "MCD"]
[PlyCount "103"]
[EventCategory "4"]
[Source "ChessBase"]
[SourceDate "1999.07.01"]
[SourceVersion "1"]
[SourceVersionDate "1999.07.01"]
[SourceQuality "1"]

1. e4 c6 2. c4 d5 3. cxd5 cxd5 4. exd5 Qxd5 5. Nc3 Qd6 6. d4 e6 7. Nge2 Nf6 8.
g3 Be7 9. Bg2 O-O 10. O-O Nc6 11. Bf4 Qd8 12. a3 Bd7 13. b4 Nd5 14. Nxd5 exd5
15. Be3 Bg4 16. h3 Bxe2 17. Qxe2 Bf6 18. Qd3 Qd7 19. Rac1 a5 20. b5 Ne7 21. Rc2
Rfc8 22. Rfc1 Rxc2 23. Rxc2 a4 24. Bf4 Rc8 25. Rxc8+ Qxc8 26. Bf1 Nf5 27. Be5
Bxe5 28. dxe5 Qe6 29. Qc2 g5 30. Qc7 Kg7 31. b6 Nd4 32. Bg2 Qc6 33. Kh2 Qc2 34.
Qd8 Qxf2 35. Qxg5+ Kf8 36. Qd8+ Kg7 37. Qg5+ Kf8 38. Qd8+ Kg7 39. Qf6+ Qxf6 40.
exf6+ Kxf6 41. Bxd5 Ke5 42. Bxb7 Kd6 43. g4 Kc5 44. Be4 Kxb6 45. Bxh7 Nb5 46.
h4 Nxa3 47. h5 Nc4 48. h6 Ne5 49. Kg3 a3 50. Bb1 Ng6 51. h7 f6 52. Kf2 1-0

[Event "64th DEN-ch"]
[Site "Naestved DEN"]
[Date "1985.04.08"]
[Round "11"]
[White "Jakobsen, Ole"]
[Black "Fries-Nielsen, Jens Ove"]
[WhiteElo "2400"]
[BlackElo "2390"]
[Result "1/2-1/2"]
[EventDate "1985.03.29"]
[SourceTitle "MCD"]
[PlyCount "56"]
[EventCategory "4"]
[Source "ChessBase"]
[SourceDate "1999.07.01"]
[SourceVersion "1"]
[SourceVersionDate "1999.07.01"]
[SourceQuality "1"]

1. c4 Nf6 2. Nc3 g6 3. e4 d6 4. d4 Bg7 5. f3 O-O 6. Be3 Nc6 7. Nge2 a6 8. Qd2
Rb8 9. Nc1 e5 10. d5 Ne7 11. Nb3 Nh5 12. c5 f5 13. O-O-O Kh8 14. Kb1 Ng8 15.
Bd3 Ngf6 16. Bc2 Qe7 17. Rhe1 fxe4 18. Nxe4 Nxe4 19. Bxe4 Nf6 20. Bc2 Bd7 21.
Qa5 Bb5 22. Qb4 Be8 23. Bg5 Bf7 24. Qh4 dxc5 25. Nxc5 Qxc5 26. Bxf6 Rbe8 27.
Ba4 b5 28. Bb3 Qd6 1/2-1/2

[Event "64th DEN-ch"]
[Site "Naestved DEN"]
[Date "1985.04.08"]
[Round "11"]
[White "Pedersen, Erik"]
[Black "Hartung Nielsen, Jens"]
[WhiteElo "2395"]
[BlackElo "2245"]
[Result "1-0"]
[EventDate "1985.03.29"]
[SourceTitle "MCD"]
[PlyCount "91"]
[EventCategory "4"]
[Source "ChessBase"]
[SourceDate "1999.07.01"]
[SourceVersion "1"]
[SourceVersionDate "1999.07.01"]
[SourceQuality "1"]

1. d4 Nf6 2. Nf3 e6 3. e3 d5 4. Bd3 Nbd7 5. O-O Bd6 6. c4 c6 7. Nc3 O-O 8. e4
dxe4 9. Nxe4 Nxe4 10. Bxe4 c5 11. b3 Qc7 12. Bb2 Re8 13. h3 Nf8 14. dxc5 Bxc5
15. Ne5 f6 16. Nd3 Rd8 17. Qe2 Bd4 18. Bxd4 Rxd4 19. Rad1 Bd7 20. Qe3 e5 21. f4
Bc6 22. Bxc6 Qxc6 23. fxe5 Re4 24. Qf3 Ng6 25. exf6 Rf8 26. Nf2 Rf4 27. Qxc6
bxc6 28. fxg7 Kxg7 29. Nd3 Rxf1+ 30. Rxf1 Rd8 31. Nc5 Rd2 32. Rf2 Rd1+ 33. Kh2
Re1 34. Rd2 Re5 35. Rd7+ Kh6 36. b4 a5 37. Nd3 Re4 38. b5 cxb5 39. cxb5 Ne5 40.
Rd6+ Kg7 41. Nc5 Rb4 42. b6 h5 43. b7 h4 44. Rd8 Rb2 45. b8=Q Nf3+ 46. Kh1 1-0